| 000 | 00392nam a2200169Ia 4500 | ||
|---|---|---|---|
| 003 | OSt | ||
| 005 | 20240424111622.0 | ||
| 008 | 170619s9999 xx 000 0 und d | ||
| 020 | _a978-1259005077 | ||
| 040 | _cIIMT ENGINEERING COLLEGE | ||
| 100 | _aRao- S N | ||
| 245 | 0 | _aCouncelling and guidence | |
| 260 | _bNew Delhi T M H | ||
| 260 | _c2006 | ||
| 546 | _aENGLISH | ||
| 942 |
_2ddc _c02 |
||
| 999 |
_c22256 _d22256 |
||